Logic and language (first series) : (Record no. 29961)
[ view plain ]
| 000 -LEADER | |
|---|---|
| fixed length control field | 01506cam a2200313 a 4500 |
| 001 - CONTROL NUMBER | |
| control field | 29961 |
| 003 - CONTROL NUMBER IDENTIFIER | |
| rucl marc code | BD-RjUL |
| 005 - DATE AND TIME OF LATEST TRANSACTION | |
| control field | 20211209051505.0 |
| 008 - FIXED-LENGTH DATA ELEMENTS--GENERAL INFORMATION | |
| fixed length control field | 140408r19681960enk b 000 0 eng d |
| 020 ## - INTERNATIONAL STANDARD BOOK NUMBER | |
| International Standard Book Number | 063103420X |
| 035 ## - SYSTEM CONTROL NUMBER | |
| System control number | (BD-RjUL) 30046 |
| 040 ## - CATALOGING SOURCE | |
| Original cataloging agency | DLC |
| Transcribing agency | DLC |
| Modifying agency | DLC |
| -- | BD-RjUL |
| Language of cataloging | eng |
| 041 ## - LANGUAGE CODE | |
| Language code of text/sound track or separate title | eng |
| 082 00 - DEWEY DECIMAL CLASSIFICATION NUMBER | |
| Classification number | 149.94 |
| Edition number | 19 |
| Author mark and year | LOG 1968 |
| 245 10 - TITLE STATEMENT | |
| Title | Logic and language (first series) : |
| Remainder of title | essays / |
| Statement of responsibility, etc. | by Gilbert Ryle ... [et al.] ; edited with an introduction by Antony Flew. |
| 260 ## - PUBLICATION, DISTRIBUTION, ETC. (IMPRINT) | |
| Place of publication, distribution, etc. | Oxford : |
| Name of publisher, distributor, etc. | B. Blackwell, |
| Date of publication, distribution, etc. | c1960. [Reprinted 1968] |
| 300 ## - PHYSICAL DESCRIPTION | |
| Pagination | vii, 206 p. ; |
| Size | 22 cm. |
| 500 ## - GENERAL NOTE | |
| General note | Half title has title: Essays on logic and language. |
| General note | Originally published in 1951 under title: Essays on logic and language. |
| 504 ## - BIBLIOGRAPHY, ETC. NOTE | |
| Bibliography, etc | Includes bibliographical references. |
| 505 0# - FORMATTED CONTENTS NOTE | |
| Formatted contents note | Systematically misleading expressions / by Gilbert Ryle -- Time / by J.N. Findlay -- Bertrand Russell's doubts about induction / by Paul Edwards -- The philosopher's use of analogy / by Margaret Macdonald -- Is there a problem about sense-data? / by G.A. Paul -- Verifiability / by F. Waismann -- The ascription of responsibility and rights / by H.L.A. Hart -- The language of political theory / by Margaret Macdonald -- Gods / by John Wisdom. |
| 650 #0 - SUBJECT ADDED ENTRY--TOPICAL TERM | |
| Topical term or geographic name as entry element | Logic. |
| 9 (RLIN) | 91171 |
| Topical term or geographic name as entry element | Language and languages. |
| 9 (RLIN) | 91172 |
| 700 1# - ADDED ENTRY--PERSONAL NAME | |
| Personal name | Ryle, Gilbert, |
| Dates associated with a name | 1900-1976. |
| Personal name | Flew, Antony, |
| Dates associated with a name | 1923-2010. |
| 942 ## - ADDED ENTRY ELEMENTS (KOHA) | |
| Source of classification or shelving scheme | Dewey Decimal Classification |
| Koha item type | Books |
| Lost status | Source of classification or shelving scheme | Damaged status | Not for loan | Collection code | Permanent Location | Current Location | Shelving location | Date acquired | Source of acquisition | Cost, normal purchase price | Total Checkouts | Full call number | Date last seen | Copy number | Koha item type |
|---|---|---|---|---|---|---|---|---|---|---|---|---|---|---|---|
| Dewey Decimal Classification | Non-fiction | Central Library, University of Rajshahi | Central Library, University of Rajshahi | 05/01/1977 | L. C | 9.00 | 149.94 LOG 1968 | 08/04/2014 | C-6 | Books | |||||
| Dewey Decimal Classification | Non-fiction | Central Library, University of Rajshahi | Central Library, University of Rajshahi | 05/01/1977 | L.C | 9.00 | 149.94 LOG 1968 | 08/04/2014 | C-5 | Books | |||||
| Dewey Decimal Classification | Added to bundle | Non-fiction | Central Library, University of Rajshahi | Central Library, University of Rajshahi | Reading Room | 14/02/1963 | Zeitlinger | 42.00 | 149.94 LOG 1960 | 08/04/2014 | C-1 | Books |